La bibliothécaire / (Record no. 6745)

MARC details
000 -LEADER
fixed length control field 00908nam a22002297a 4500
001 - CONTROL NUMBER
control field 6745
003 - CONTROL NUMBER IDENTIFIER
control field FISKH
005 - DATE AND TIME OF LATEST TRANSACTION
control field 20250523142658.0
008 - FIXED-LENGTH DATA ELEMENTS--GENERAL INFORMATION
fixed length control field 250523b cb ||||| |||| 00| 0 eng d
020 ## - INTERNATIONAL STANDARD BOOK NUMBER
International Standard Book Number 9782013218658
040 ## - CATALOGING SOURCE
Original cataloging agency FISKH
Language of cataloging French
Transcribing agency FISKH
Modifying agency FISKH
082 ## - DEWEY DECIMAL CLASSIFICATION NUMBER
Classification number 440
100 ## - MAIN ENTRY--PERSONAL NAME
Personal name Duguël, Anne
245 ## - TITLE STATEMENT
Title La bibliothécaire /
Statement of responsibility, etc. By Anne Duguël
260 ## - PUBLICATION, DISTRIBUTION, ETC.
Place of publication, distribution, etc. Paris :
Name of publisher, distributor, etc. Hachette Jeunesse,
Date of publication, distribution, etc. 2001.
300 ## - PHYSICAL DESCRIPTION
Extent 186 pages :
Other physical details illustrations ;
Dimensions 18 cm .
520 ## - SUMMARY, ETC.
Summary, etc. Pourquoi la vieille dame qui habite en face de chez Guillaume �crit-elle très tard la nuit? Quelle est cette jeune fille qui ne sort de chez elle qu'à la nuit tombée? Pour résoudre ces mystères, Guillaume se lance dans un fantastique voyage au pays des livres et de l'écriture ...
650 ## - SUBJECT ADDED ENTRY--TOPICAL TERM
Topical term or geographic name entry element Childhood favorite
Form subdivision Fiction
700 ## - ADDED ENTRY--PERSONAL NAME
Personal name Durual, Christophe
Relator term Illustrator
942 ## - ADDED ENTRY ELEMENTS (KOHA)
Source of classification or shelving scheme Dewey Decimal Classification
Koha item type Books
Suppress in OPAC No
Holdings
Withdrawn status Lost status Source of classification or shelving scheme Damaged status Not for loan Collection Home library Current library Shelving location Date acquired Total Checkouts Full call number Barcode Date last seen Price effective from Koha item type
    Dewey Decimal Classification     Fiction Footprints International School Library Network Toul Tom Poung Campus Footprints International School Library Network Toul Tom Poung Campus TTP Secondary Fiction Bookshelves 05/23/2025   DUG 440 FISSE03099 05/23/2025 05/23/2025 Books